UBT Library

Telling yourself the truth / (Record no. 43723)

000 -LEADER
fixed length control field 00581cam a2200217 i 4500
001 - CONTROL NUMBER
control field 3243699
005 - DATE AND TIME OF LATEST TRANSACTION
control field 20180228084853.0
008 - FIXED-LENGTH DATA ELEMENTS--GENERAL INFORMATION
fixed length control field 800122s1980 mnu b 000 0 eng
010 ## - LIBRARY OF CONGRESS CONTROL NUMBER
LC control number 80010136
020 ## - INTERNATIONAL STANDARD BOOK NUMBER
International Standard Book Number 0871235625 :
Terms of availability $3.95
040 ## - CATALOGING SOURCE
Original cataloging agency DLC
Transcribing agency DLC
Modifying agency DLC
041 ## - LANGUAGE CODE
Language code of text/sound track or separate title eng
080 ## - UNIVERSAL DECIMAL CLASSIFICATION NUMBER
Universal Decimal Classification number 248.4 WIL
082 00 - DEWEY DECIMAL CLASSIFICATION NUMBER
Classification number 248.4 WIL
100 1# - Rafti
Rafti 49
101 ## - Shkurtesa
Shkurtesa SOC
245 10 - TITLE STATEMENT
Title Telling yourself the truth /
Statement of responsibility, etc William Backus and Marie Chapian.
504 ## - BIBLIOGRAPHY, ETC. NOTE
Bibliography, etc Includes bibliographical references.
906 ## - LOCAL DATA ELEMENT F, LDF (RLIN)
a 7
b cbc
c orignew
d 1
e ocip
f 19
g y-gencatlg
942 ## - ADDED ENTRY ELEMENTS (KOHA)
Source of classification or shelving scheme
Item type Books
Holdings
Withdrawn status Lost status Source of classification or shelving scheme Damaged status Not for loan Collection code Permanent location Current location Shelving location Date acquired Total Checkouts Full call number Barcode Date last seen Price effective from Koha item type
          Koleksioni i përgjithshem UBT - Lipjan UBT - Lipjan Koleksioni i përgjithshem 02/28/2018   248.4 WIL 002-3000211 02/28/2018 02/28/2018 Books
UBT Library © 2015-2024. All rights reserved University Education for Business and Technology